000
00217 a2200097 4500
001
84037
090
_c
40044
_d
40043
100
_a
Qurratul-Ain Haider
245
_a
Aakhar-i-Shab Ke Humsafar
260
_b
Sang-e-Meel Publications
942
_a
NUST-CAE
999
_c
319110
_d
319110